000 01225nam a2200301 i 4500
003 DO-SdBNP
005 20260303073443.0
007 ta
008 260303b2008 sp d|||| |||| 00| 0 spa d
020 _a9788497043687
040 _aDO-SdBNP
_bspa
_cBNPHU
_erda
041 _aspa
082 4 _axxx
_bxxx
_222
245 0 0 _aTiempo de censura :
_bla represión editorial durante el franquisimo /
_ccoordinador, Eduardo Ruiz Bautista ; dirección editorial, Álvaro Díaz Huici ; coordinación editorial, Pablo García Guerrero
264 _aEspaña :
_bEdiciones Trea;
_bMinisterio de Cultura,
_c2008.
300 _a275 páginas :
_bgráficos ;
_c22 cm.
336 _atexto
_btxt
_2rdacontent
337 _asin mediación
_bn
_2rdamedia
338 _avolumen
_bnc
_2rdacarrier
490 _aBiblioteconomía y Administración Cultural
_v188
500 _a Incluye referencias bibliográficas y notas al pie de las páginas
590 _aInventariado, 2026/BT
700 1 _aRuiz Bautista, Eduardo,
_ecoordinador
_4coord.
_989108
700 1 _aDíaz Huici, Álvaro,
_edirector editorial
_4dir. ed.
_989109
700 1 _aGarcía Guerrero, Pablo,
_ecoordinador editorial
_4coord. ed.
_989110
910 _aBtavárez
942 _2ddc
_cLBS1
999 _c60409
_d60409